Film che iniziano per L - Statistics

Statistiche generali
  • Questo quiz è stato fatto 159 volte
  • Il punteggio medio è 11 su 20
Statistiche sulle risposte
Descrizione Film % Corretto
Un uomo ebreo utilizza il suo senso dell'umorismo e la sua fantasia per proteggere il suo giovane figlio dall'orrore della Shoah. La vita è bella
97%
Le avventure di un gruppo di animali preistorici durante un periodo di estremo freddo. L'era Glaciale
92%
Una tranquilla località balneare viene terrorizzata da un animale marino che uccide diversi bagnanti. Lo squalo
90%
Un nuovo insegnante introduce gli studenti ad una prospettiva nuova sull'educazione e sulla vita, incoraggiandoli a sfruttare al massimo il "carpe diem". L'attimo fuggente
86%
Una giovane ragazza inizia a manifestare comportamenti inquietanti e disturbanti. La madre chiede aiuto a due sacerdoti. L'esorcista
85%
Il padre di una dolce ragazza che ama leggere, viene imprigionato nel castello di una creatura bestiale. La bella e la bestia
73%
Un giovane ragazzo che vive in una condizione di povertà, visita un edificio straordinario insieme al nonno. La fabbrica di cioccolato
67%
Un gruppo di archeologi scopre una tomba antica, ma accidentalmente risveglia lo spirito della creatura celata al suo interno. La Mummia
64%
La storia d'amore tra un'aspirante attrice e un musicista jazz, entrambi intenti a perseguire i loro sogni a Los Angeles. La La Land
59%
La storia di un famoso scienziato che nonostante una gravissima malattia, continua a lavorare su teorie fondamentali riguardanti l'universo. La teoria del tutto
56%
L'intreccio di diverse storie d'amore ambientate a Londra durante il periodo natalizio. Love Actually
50%
La storia di Pu Yi, un regnante cinese salito al potere a soli tre anni. L'ultimo imperatore
43%
Un fotografo costretto alla sedia a rotelle, passa il tempo osservando i vicini fino a che non inizia a sospettare di uno di loro. La finestra sul cortile
42%
Un banchiere ingiustamente condannato per l'omicidio, affronta la dura vita in carcere e stringe amicizia con un altro detenuto. Le ali della libertà
42%
La vita di un killer professionista solitario viene sconvolta dall'incontro con una dodicenne che scappa da una famiglia violenta. Léon
39%
Un ufficiale britannico gioca un ruolo cruciale nel conflitto tra l'Impero Ottomano e le tribù arabe. Lawrence d'Arabia
38%
Una famiglia intraprende un viaggio su uno sgangherato van per potare la piccolina di casa ad un concorso di bellezza. Little Miss Sunshine
38%
Una bambina che sta affrontando la perdita dei suoi genitori, adotta un alieno scappato da un laboratorio. Lilo & Stitch
36%
Ad un uomo, il giorno stesso in cui inizia il nuovo lavoro, viene rubata la bici, indispensabile per spostarsi ad affiggere manifesti. Ladri di biciclette
34%
Un giovane scozzese diventa medico personale del dittatore dell'Uganda degli anni '70, rimanendo coinvolto nel suo regime. L'ultimo re di Scozia
12%
Nessun quiz corrispondente trovato
Distribuzione punteggi
Percentuale di utenti per punteggio
Percentile per numero di risposta
I tuoi punteggi nel tempo
Non hai fatto questo quiz